|
|
|
|
| LEADER |
00908nam a2200265 a 4500 |
| 001 |
1506 |
| 003 |
BD-DhAAL |
| 005 |
20150224114106.0 |
| 008 |
150224s1992 iaua b 001 0 eng d |
| 010 |
|
|
|a 90085667
|
| 020 |
|
|
|a 0697107043
|
| 040 |
|
|
|a IJI
|c IJI
|d PPiU
|d DLC
|d BD-DhAAL
|
| 050 |
0 |
4 |
|a P90
|b .W214 1992
|
| 082 |
0 |
4 |
|a 302.2
|
| 100 |
1 |
|
|a Wahlstrom, Billie J.
|9 8758
|
| 245 |
1 |
0 |
|a Perspectives on human communication /
|c Billie J. Wahlstrom.
|
| 260 |
|
|
|a Dubuque, Iowa :
|b Wm. C. Brown,
|c c1992.
|
| 300 |
|
|
|a xvii, 398 p. :
|b ill. ;
|c 24 cm.
|
| 504 |
|
|
|a Includes bibliographical references and indexes.
|
| 541 |
|
|
|e 1506
|
| 650 |
|
0 |
|a Communication.
|9 8759
|
| 650 |
|
0 |
|a Mass media.
|9 8760
|
| 942 |
|
|
|2 ddc
|c BK
|
| 999 |
|
|
|c 33786
|d 33786
|
| 952 |
|
|
|0 0
|1 0
|2 ddc
|4 0
|6 302_200000000000000_WAH
|7 0
|9 52765
|a SCL
|b SCL
|c GEN
|d 2015-02-24
|e Gift: The Asia Foundation
|l 0
|o 302.2 WAH
|p 3020001506
|r 2015-02-24
|t 1
|w 2015-02-24
|y BK
|